| 000 | 00741nam a2200181Ia 4500 | ||
|---|---|---|---|
| 008 | 090124s9999 xx 000 0 und d | ||
| 082 | _b43734 | ||
| 100 | _aसिंह राजेन्द्र प्रसाद | ||
| 245 | _a शुध्द हिन्दी कैसे लिखें | ||
| 250 | _a3 | ||
| 260 |
_b"भारती भवन पब्लिशर्स," _c1974 |
||
| 300 | _a376 | ||
| 600 | _aसिंह राजेन्द्र प्रसाद | ||
| 630 | _a शुध्द हिन्दी कैसे लिखें | ||
| 700 | _aसिंह राजेन्द्र प्रसाद | ||
| 730 | _a शुध्द हिन्दी कैसे लिखें | ||
| 942 | _cBOOK | ||
| 999 |
_c109963 _d109963 |
||